Statystyki dla 15 najbardziej dotkniętych krajów Covid-19 - 27 października 2021

Kliknij tutaj aby rozwiązać quiz!

Ogólne statystyki

  • Ten quiz został rozwiązany 32 razy
  • Średni wynik to 12 z 27

Statystyki odpowiedzi

kraj% Poprawnych
Stany Zjednoczone
93%
Rosja
90%
Niemcy
87%
Włochy
87%
Hiszpania
80%
Brazylia
77%
Francja
67%
Indie
67%
Meksyk
67%
Wielka Brytania
60%
Argentyna
57%
Szwecja
53%
Turcja
47%
Czechy
37%
Holandia
33%
Belgia
27%
Słowenia
27%
Indonezja
23%
Iran
23%
Litwa
23%
Kolumbia
20%
Estonia
13%
Izrael
13%
Serbia
10%
Urugwaj
7%
Gruzja
3%
Bahrajn
0%

Rozkład punktacji

Percentyl według liczby udzielonych odpowiedzi

Procent ludzi z każdym wynikiem

Twoja historia wyników

Nie rozwiązałeś tego quizu